[Event "R1 - Tarbes 2 / Foix 2"]
[Site "Tarbes"]
[Date "2006.12.10"]
[Round "3"]
[White "Grimal, Richard"]
[Black "Lelong, Adelin"]
[Result "1/2-1/2"]
[WhiteElo "1600"]
[BlackElo "1510"]
[EventDate "2006.??.??"]
[PlyCount "70"]
[WhiteTeam "TARBES2"]
[BlackTeam "FOIX2"]

1.e4 e6 2.d4 d5 3.exd5 exd5 4.Bd3 c5 5.c3 Nc6 6.Qe2+ Be6 7.Nf3 Bd6 8.Ng5 
Qe7 9.Bxh7 cxd4 10.Nxe6 Rxh7 11.Nxd4 Qxe2+ 12.Nxe2 O-O-O 13.Be3 Nf6 14.h3 
Be5 15.Nd4 Re8 16.Nxc6 bxc6 17.O-O a6 18.Nd2 Rg8 19.Nf3 Bc7 20.Ng5 Rh5 21.
Nxf7 Nh7 22.Bd4 Rf5 23.Rfe1 Rxf7 24.Re6 Kd7 25.Rae1 Nf6 26.f3 Re8 27.Rxe8 
Nxe8 28.Re2 Bg3 29.Kf1 Re7 30.Rxe7+ Kxe7 31.Ke2 g5 32.Kd3 Nd6 33.Bc5 Ke6 
34.Bxd6 Kxd6 35.b3 Be5 1/2-1/2

[Event "R1 - Tarbes 2 / Foix 2"]
[Site "Tarbes"]
[Date "2006.12.10"]
[Round "3"]
[White "David, Philippe"]
[Black "Labarthe, François"]
[Result "1-0"]
[WhiteElo "1640"]
[BlackElo "1650"]
[EventDate "2006.??.??"]
[PlyCount "62"]
[WhiteTeam "FOIX2"]
[BlackTeam "TARBES2"]

1.Nh3 Nf6 2.g3 g6 3.Bg2 Bg7 4.O-O O-O 5.d3 d6 6.f4 Nc6 7.Nf2 e5 8.c3 Nh5 
9.f5 Rb8 10.e4 Nf6 11.Bg5 gxf5 12.exf5 Ne7 13.Bxf6 Bxf6 14.Ng4 Nc6 15.Nd2 
Bg5 16.h4 Bxh4 17.gxh4 Qxh4 18.Ne4 f6 19.Rf3 Qxg4 20.Rg3 Qxg3 21.Nxg3 Kh8 
22.Qh5 Rg8 23.Kf2 Ne7 24.Rh1 Rg7 25.Qe8+ Ng8 26.Bd5 c6 27.Be6 Bxe6 28.Qxb8
Bd5 29.Rh2 b5 30.Qxd6 Ne7 31.Qxf6 Kg8 1-0

[Event "R1 - Colomiers 2 / Tournefeuille 3"]
[Site "Colomiers"]
[Date "2006.12.10"]
[Round "3"]
[White "Pinault, Mailys"]
[Black "Quatermain, Mark"]
[Result "0-1"]
[WhiteElo "1550"]
[BlackElo "1499"]
[EventDate "2006.??.??"]
[PlyCount "106"]

1.e4 c5 2.Nc3 Nc6 3.g3 g6 4.Bg2 Bg7 5.d3 e6 6.f4 Nge7 7.Be3 Nd4 8.Nf3 Nec6
9.O-O O-O 10.f5 Nxf3+ 11.Qxf3 Nd4 12.Qd1 Rb8 13.a4 b6 14.g4 Bb7 15.Rb1 Rc8
16.Ne2 d5 17.exd5 Nxe2+ 18.Qxe2 Bxd5 19.Qd2 Bxg2 20.Qxg2 Bd4 21.Bxd4 Qxd4+
22.Kh1 Qxa4 23.f6 Qc6 24.Qxc6 Rxc6 25.Ra1 Ra8 26.Rf4 g5 27.Re4 Rd6 28.Ra6 
Rd4 29.Rxd4 cxd4 30.Ra4 e5 31.Rc4 h6 32.Rc7 Re8 33.Rxa7 Re6 34.Re7 Kf8 35.
Rd7 Rxf6 36.Kg2 Rc6 37.c4 dxc3 38.bxc3 Rxc3 39.Kf3 Rc2 40.h3 Kg7 41.Ke4 
Rc5 42.Rd6 Rb5 43.d4 exd4 44.Kxd4 Rb3 45.Ke4 b5 46.Rb6 b4 47.Kd4 Rf3 48.
Kd5 b3 49.Kd4 Rxh3 50.Kc4 Rg3 51.Rxb3 Rxb3 52.Kxb3 Kf6 53.Kc4 Ke5 0-1

[Event "R1 - Colomiers 2 / Tournefeuille 3"]
[Site "Colomiers"]
[Date "2006.12.10"]
[Round "3"]
[White "Guerreiro, Laurent"]
[Black "Blesing, Alicia"]
[Result "1-0"]
[WhiteElo "1610"]
[BlackElo "1820"]
[EventDate "2006.??.??"]
[PlyCount "103"]

1.c4 Nf6 2.g3 g6 3.Bg2 Bg7 4.Nc3 Nc6 5.Nf3 d6 6.d4 e5 7.dxe5 dxe5 8.Qxd8+ 
Kxd8 9.Ng5 Ke7 10.O-O Nd4 11.e3 Nf5 12.Rd1 h6 13.Nge4 Nxe4 14.Nd5+ Kf8 15.
Bxe4 c6 16.Nc3 Be6 17.b3 Bf6 18.Bb2 Be7 19.Na4 f6 20.c5 Kf7 21.Rd2 Ng7 22.
Bg2 Rad8 23.Rad1 Rxd2 24.Rxd2 Rd8 25.Rxd8 Bxd8 26.Nc3 f5 27.b4 e4 28.f3 
exf3 29.Bxf3 Bf6 30.a3 a6 31.Nd1 Ne8 32.Kf2 Bxb2 33.Nxb2 Nf6 34.Ke2 g5 35.
Kd3 Bd5 36.Bxd5+ Nxd5 37.Nc4 Kg6 38.Na5 Kh5 39.Ke2 Kg4 40.Kf2 Kh3 41.Nxb7 
Kxh2 42.Nd8 h5 43.Nxc6 h4 44.gxh4 g4 45.Nd4 g3+ 46.Kf3 Nc3 47.Kf4 g2 48.
Nf3+ Kh1 49.h5 Ne4 50.h6 Nd2 51.h7 Nxf3 52.Kxf3 1-0

[Event "R1 - Colomiers 2 / Tournefeuille 3"]
[Site "Colomiers"]
[Date "2006.12.10"]
[Round "3"]
[White "Giroudet, Gâetan"]
[Black "Ranc, Florian"]
[Result "0-1"]
[WhiteElo "1499"]
[BlackElo "1380"]
[EventDate "2006.??.??"]
[PlyCount "46"]

1.d4 d5 2.Nf3 Nf6 3.e3 Nc6 4.Bd3 Bg4 5.Nbd2 e5 6.c3 Bxf3 7.gxf3 Bd6 8.Bb5 
O-O 9.Qe2 exd4 10.cxd4 Nxd4 11.Qd3 Ne6 12.Qc3 c6 13.Bd3 Re8 14.Rg1 a5 15.
Rg2 d4 16.Qc4 dxe3 17.fxe3 Nf4 18.Rf2 Rxe3+ 19.Be2 Nd3+ 20.Kf1 Nxf2 21.
Kxf2 Qb6 22.Kf1 Bxh2 23.Nb3 Re4 0-1

[Event "R1 - Colomiers 2 / Tournefeuille 3"]
[Site "Colomiers"]
[Date "2006.12.10"]
[Round "3"]
[White "Blesing, René"]
[Black "Egea, Claude"]
[Result "1-0"]
[WhiteElo "1800"]
[BlackElo "1680"]
[EventDate "2006.??.??"]
[PlyCount "73"]

1.e4 e5 2.Nf3 Nf6 3.Nxe5 d6 4.Nf3 Nxe4 5.d4 d5 6.Bd3 Nf6 7.O-O Be7 8.Bf4 
O-O 9.Nc3 c6 10.Be5 Nbd7 11.Re1 Re8 12.Ne2 b6 13.Nf4 Bb7 14.h3 c5 15.c3 
Ne4 16.Nd2 f5 17.Ne6 Qc8 18.Bxe4 dxe4 19.Qb3 Nxe5 20.dxe5 Kh8 21.Rad1 Qc6 
22.Re3 Bh4 23.Nf4 Bg5 24.g3 Rxe5 25.Nc4 Ree8 26.Nd6 c4 27.Nxc4 Bxf4 28.
gxf4 Rad8 29.Rxd8 Rxd8 30.Ne5 Qd5 31.Nf7+ Kg8 32.Nxd8 Qxb3 33.axb3 Bc8 34.
Nc6 Bd7 35.Nxa7 Kf8 36.c4 Ke7 37.Re1 1-0

[Event "R1 - Colomiers 2 / Tournefeuille 3"]
[Site "Colomiers"]
[Date "2006.12.10"]
[Round "3"]
[White "Avdagic, Hilmija"]
[Black "Brochet, Thierry"]
[Result "1-0"]
[WhiteElo "1900"]
[BlackElo "1789"]
[EventDate "2006.??.??"]
[PlyCount "103"]

1.d4 Nf6 2.c4 c5 3.d5 e6 4.Nc3 exd5 5.cxd5 d6 6.e4 g6 7.Bd3 Bg7 8.Nge2 O-O
9.O-O b6 10.Ng3 Ba6 11.Nb5 Bxb5 12.Bxb5 a6 13.Bd3 b5 14.Rb1 c4 15.Bc2 Nbd7
16.Be3 Rc8 17.Qd2 Nc5 18.Rbd1 Ng4 19.Bd4 Ne5 20.Bxe5 Bxe5 21.Rb1 Nd7 22.f4
Qb6+ 23.Kh1 Bg7 24.Bd1 c3 25.bxc3 Bxc3 26.Qe2 Nf6 27.Bb3 Nd7 28.Qg4 Qd8 
29.Rfc1 Bg7 30.Rc6 Rxc6 31.dxc6 Nc5 32.Bd5 Re8 33.Rc1 Qc7 34.f5 Nd3 35.Rf1
Ne5 36.Qe2 Rc8 37.fxg6 hxg6 38.a4 Rb8 39.axb5 axb5 40.Qa2 Bh6 41.Ne2 Kg7 
42.Qb3 f6 43.Nd4 Qe7 44.c7 Rc8 45.Qxb5 Kh7 46.Ne6 Be3 47.Qa6 Qd7 48.Rxf6 
Kh6 49.Qe2 Qa4 50.Qxe3+ Kh7 51.Qh3+ Kg8 52.Nc5+ 1-0

[Event "R1 - Colomiers 2 / Tournefeuille 3"]
[Site "Colomiers"]
[Date "2006.12.10"]
[Round "3"]
[White "Amblard, Philippe"]
[Black "Moruzzi, Gérard"]
[Result "0-1"]
[WhiteElo "1440"]
[BlackElo "1499"]
[EventDate "2006.??.??"]
[PlyCount "44"]

1.e4 e5 2.Nf3 Nc6 3.Bb5 d6 4.c3 a6 5.Ba4 Bg4 6.d4 b5 7.Bb3 Qf6 8.dxe5 Nxe5
9.Nbd2 Nd3+ 10.Kf1 Ne5 11.h3 Bxf3 12.Nxf3 c6 13.Bg5 Qg6 14.Nxe5 dxe5 15.
Qg4 h6 16.Rd1 f5 17.Qg3 hxg5 18.Qxe5+ Be7 19.Rd6 Qxd6 20.Qxg7 Qf6 21.Bf7+ 
Qxf7 22.Qxh8 Bf6 0-1

[Event "R1 - Blaye / Figeac"]
[Site "Blaye"]
[Date "2006.12.10"]
[Round "3"]
[White "Valat, Jean-Marie"]
[Black "Hegray, Romain"]
[Result "1-0"]
[WhiteElo "1700"]
[BlackElo "1740"]
[EventDate "2006.??.??"]
[PlyCount "33"]

1.e4 d5 2.exd5 Qxd5 3.Nc3 Qd8 4.d4 c6 5.Be3 Nf6 6.Be2 Bf5 7.g4 Bg6 8.Qd2 
Nd5 9.Nxd5 Qxd5 10.f3 b5 11.Nh3 e5 12.O-O-O Qxa2 13.Qc3 a5 14.Bxb5 Bb4 15.
Bxc6+ Kf8 16.dxe5 Bxc3 17.Bc5+ 1-0

[Event "R1 - Blaye / Figeac"]
[Site "Blaye"]
[Date "2006.12.10"]
[Round "3"]
[White "Schertzer, Jeremie"]
[Black "Jay, Georges"]
[Result "1-0"]
[WhiteElo "1540"]
[BlackElo "1499"]
[EventDate "2006.??.??"]
[PlyCount "59"]

1.d4 d5 2.c4 e6 3.Bf4 Nf6 4.Nf3 Nc6 5.a3 Be7 6.Nc3 Nh5 7.Be5 f6 8.Bg3 Nxg3
9.hxg3 Na5 10.Qa4+ c6 11.e3 Bd7 12.c5 O-O 13.b4 b5 14.Qc2 Nb7 15.Qxh7+ Kf7
16.Qh5+ g6 17.Qh7+ Ke8 18.Qxg6+ Rf7 19.Rh7 Bc8 20.Qxf7+ Kd7 21.Nxb5 a6 22.
Nc3 Qe8 23.Qxf6 Kd8 24.Qh6 Bd7 25.Rh8 Bf8 26.Rxf8 Qxf8 27.Qxf8+ Be8 28.b5 
Kd7 29.Ne5+ Kd8 30.Nxc6+ 1-0

[Event "R1 - Blaye / Figeac"]
[Site "Blaye"]
[Date "2006.12.10"]
[Round "3"]
[White "Paillard, Jean"]
[Black "Imhoff, Francois"]
[Result "0-1"]
[WhiteElo "1340"]
[BlackElo "1440"]
[EventDate "2006.??.??"]
[PlyCount "42"]

1.e4 e5 2.Bc4 Nf6 3.Nc3 Nc6 4.a3 Bc5 5.Nf3 d6 6.O-O Bg4 7.d3 Nd4 8.Be3 
Nxf3+ 9.gxf3 Bh5 10.Kh1 Qd7 11.Rg1 O-O-O 12.d4 exd4 13.Bxd4 Bxd4 14.Qxd4 
Bxf3+ 15.Rg2 Bxg2+ 16.Kxg2 Nh5 17.e5 Qf5 18.Nd5 Qxe5 19.Ne7+ Qxe7 20.Qg4+ 
Kb8 21.Qxh5 Qe4+ 0-1

[Event "R1 - Blaye / Figeac"]
[Site "Blaye"]
[Date "2006.12.10"]
[Round "3"]
[White "Louis, henri"]
[Black "Olle, Jean-Pierre"]
[Result "0-1"]
[WhiteElo "1760"]
[BlackElo "1860"]
[EventDate "2006.??.??"]
[PlyCount "48"]

1.b4 e5 2.Bb2 d6 3.e3 Be6 4.c4 Nf6 5.Nc3 Be7 6.Nf3 O-O 7.Be2 c6 8.O-O Qc7 
9.a3 h6 10.Rc1 Nbd7 11.Qc2 Rac8 12.Rfd1 Nb6 13.Na4 Nbd7 14.d4 Bg4 15.h3 
Bh5 16.c5 e4 17.cxd6 Bxd6 18.Ne5 Nxe5 19.Bxh5 Nd3 20.Bxf7+ Rxf7 21.Rb1 Nd5
22.Rf1 Rcf8 23.Nc5 Bxc5 24.dxc5 Rxf2 0-1

[Event "R1 - Blaye / Figeac"]
[Site "Blaye"]
[Date "2006.12.10"]
[Round "3"]
[White "Hegray, Charles"]
[Black "Grard, Alain"]
[Result "1-0"]
[WhiteElo "1560"]
[BlackElo "1640"]
[EventDate "2006.??.??"]
[PlyCount "63"]

1.d4 b5 2.e4 a6 3.Nf3 Bb7 4.d5 c6 5.Nc3 Nf6 6.Be2 b4 7.Na4 Nxe4 8.Be3 a5 
9.O-O Ba6 10.c4 bxc3 11.bxc3 Bxe2 12.Qxe2 cxd5 13.Nb6 Ra6 14.Nxd5 e6 15.
Bb6 Rxb6 16.Nxb6 Nxc3 17.Qe3 Nc6 18.Rfc1 Nb5 19.Ne5 Nbd4 20.Nbxd7 Nxe5 21.
Nxe5 Nf5 22.Qf3 Be7 23.Qc6+ Kf8 24.Qd7 Qxd7 25.Nxd7+ Ke8 26.Ne5 Nd6 27.
Rab1 f6 28.Rb8+ Bd8 29.Nc6 Kd7 30.Nxa5 Re8 31.Nb7 e5 32.Rd1 1-0

[Event "R1 - Blaye / Figeac"]
[Site "Blaye"]
[Date "2006.12.10"]
[Round "3"]
[White "Arlabosse, Nicolas"]
[Black "Haezebaert, Philippe"]
[Result "1-0"]
[WhiteElo "1884"]
[BlackElo "2026"]
[EventDate "2006.??.??"]
[PlyCount "59"]

1.e4 c5 2.Nf3 e6 3.d4 cxd4 4.Nxd4 a6 5.Be3 Qc7 6.a4 Nf6 7.Bd3 b6 8.f4 Bb7 
9.Nd2 h5 10.h3 Bc5 11.c3 e5 12.fxe5 Qxe5 13.O-O Nc6 14.Nc4 Qc7 15.Bf4 d6 
16.b4 Nxb4 17.e5 Nd7 18.exd6 Qc6 19.Re1+ Kf8 20.Be4 Nd5 21.Ne3 Bxd4 22.
Qxd4 N7f6 23.Bf3 Qc5 24.Qxc5 bxc5 25.Be5 Nxe3 26.Bxb7 Ra7 27.Rab1 Nc4 28.
Bxf6 gxf6 29.d7 Kg7 30.Re8 1-0

[Event "N4 Rodez Colomiers"]
[Site "?"]
[Date "2006.12.10"]
[Round "?"]
[White "Tanguy, Fabien"]
[Black "Lejarre, Ludovic"]
[Result "0-1"]
[WhiteElo "2070"]
[BlackElo "2057"]
[EventDate "2006.??.??"]
[PlyCount "64"]

1.c4 g6 2.Nc3 Bg7 3.g3 d6 4.Bg2 e5 5.d3 Nc6 6.Nf3 f5 7.Bg5 Qd7 8.h4 h6 9.
Bd2 Nf6 10.Nd5 Ng4 11.Nh2 Nxh2 12.Rxh2 O-O 13.Qc1 Kh7 14.Bc3 Nd8 15.Qd2 c6
16.Ne3 h5 17.Qc2 Rb8 18.O-O-O Ne6 19.Kb1 a6 20.Bf3 b5 21.b3 Bb7 22.Ng2 d5 
23.e3 d4 24.exd4 Nxd4 25.Bxd4 Qxd4 26.Kc1 Rfd8 27.Ne1 bxc4 28.dxc4 Qa1+ 
29.Qb1 Rxd1+ 30.Bxd1 Qc3+ 31.Nc2 Bh6+ 32.f4 exf4 0-1

[Event "N4 Rodez Colomiers"]
[Site "?"]
[Date "2006.12.10"]
[Round "?"]
[White "Ouerk, Yanis"]
[Black "De Oliveira, Bertrand"]
[Result "1-0"]
[WhiteElo "1199"]
[BlackElo "1299"]
[EventDate "2006.??.??"]
[PlyCount "81"]

1.e4 d6 2.d4 Nf6 3.Nc3 g6 4.Nf3 Bg7 5.Be2 O-O 6.O-O c5 7.h3 a6 8.a4 Nc6 9.
Be3 b6 10.Qd2 Bb7 11.d5 Nb4 12.Ne1 e6 13.Bf3 Re8 14.Bg5 Qd7 15.Bxf6 Bxf6 
16.dxe6 Qxe6 17.Nd5 Nxd5 18.exd5 Qf5 19.c4 a5 20.Bg4 Qe4 21.Rc1 Be5 22.Nd3
Bd4 23.Rfe1 Bxf2+ 24.Nxf2 Qd4 25.Qxd4 cxd4 26.Kf1 h5 27.Bd7 Re3 28.Rxe3 
dxe3 29.Nd1 Rd8 30.Bb5 e2+ 31.Kxe2 Rc8 32.Rc3 Rc7 33.Re3 Kg7 34.Nc3 Bc8 
35.Re8 Bf5 36.Ne4 Bd7 37.Re7 Bg4+ 38.hxg4 Rxe7 39.Kd3 hxg4 40.Nxd6 Rc7 41.
Ne8+ 1-0

[Event "N4 Rodez Colomiers"]
[Site "?"]
[Date "2006.12.10"]
[Round "?"]
[White "Nenert, Louis"]
[Black "Moiseyev, Vlas"]
[Result "1-0"]
[WhiteElo "1740"]
[BlackElo "1880"]
[EventDate "2006.??.??"]
[PlyCount "75"]

1.e4 c5 2.Nf3 Nc6 3.d4 cxd4 4.Nxd4 e6 5.c4 Nf6 6.Nxc6 bxc6 7.Bd3 Be7 8.O-O
e5 9.Nc3 O-O 10.b3 d5 11.exd5 cxd5 12.cxd5 Qa5 13.Bb2 Rd8 14.Bc4 Be6 15.
Re1 Bb4 16.Qf3 Nxd5 17.Rac1 Nf4 18.Red1 Bxc4 19.bxc4 Bxc3 20.Bxc3 Qxa2 21.
Re1 Nd3 22.Re2 Qxe2 23.Qxe2 Nxc1 24.Qc2 Rd7 25.Qxc1 Rad8 26.Qe3 Rd3 27.Qe2
Rxc3 28.g4 f6 29.Qa2 Rc8 30.Qxa7 R3xc4 31.h3 g6 32.Qe7 R4c6 33.h4 R8c7 34.
Qd8+ Kg7 35.Qe8 Rc4 36.Qe6 R7c6 37.Qe7+ Kh6 38.Qf8# 1-0

[Event "N4 Rodez Colomiers"]
[Site "?"]
[Date "2006.12.10"]
[Round "?"]
[White "Genestous, Patrick"]
[Black "Martinez, Loïc"]
[Result "1-0"]
[WhiteElo "2190"]
[BlackElo "1850"]
[EventDate "2006.??.??"]
[PlyCount "81"]

1.d4 Nf6 2.Bg5 b6 3.Nd2 Bb7 4.c3 d5 5.e3 e6 6.Bd3 h6 7.Bxf6 Qxf6 8.Ngf3 
Bd6 9.Qe2 Nd7 10.e4 dxe4 11.Nxe4 Qe7 12.O-O O-O 13.Rad1 Nf6 14.Nxd6 cxd6 
15.Rfe1 Qc7 16.Bb1 Rae8 17.Nd2 Qc8 18.Qd3 Qa8 19.f3 d5 20.Re5 g6 21.Rde1 
Qc8 22.g4 Qc6 23.h4 Kg7 24.h5 g5 25.Nf1 Rh8 26.Ng3 Bc8 27.a3 Qc4 28.Qd2 
Ba6 29.Rxg5+ Kf8 30.Rge5 Qc7 31.Kg2 Nd7 32.R5e3 b5 33.Bd3 Nb6 34.R3e2 Nc4 
35.Qc1 Rc8 36.Kh3 Ke8 37.Nf5 Nd6 38.Rxe6+ fxe6 39.Rxe6+ Kf8 40.Nxd6 Kg7 
41.Qf4 1-0

[Event "N4 Rodez Colomiers"]
[Site "?"]
[Date "2006.12.10"]
[Round "?"]
[White "Durbize, Patrick"]
[Black "Forest, Eric"]
[Result "0-1"]
[WhiteElo "1920"]
[BlackElo "1824"]
[EventDate "2006.??.??"]
[PlyCount "40"]

1.e4 c5 2.Nf3 Nc6 3.c3 d6 4.d4 cxd4 5.cxd4 d5 6.e5 Bg4 7.Be2 e6 8.Nbd2 Bb4
9.O-O Nge7 10.Nb3 Nf5 11.Be3 O-O 12.h3 Nxe3 13.fxe3 Bh5 14.Bd3 Rc8 15.Rc1 
f5 16.Nc5 Qe7 17.Be2 Bxf3 18.Bxf3 Nxe5 19.Nd3 Rxc1 20.Qxc1 Nxd3 0-1

[Event "N4 Rodez Colomiers"]
[Site "?"]
[Date "2006.12.10"]
[Round "?"]
[White "De Biasi, Robert"]
[Black "Hantisse, Alain"]
[Result "0-1"]
[WhiteElo "1844"]
[BlackElo "1950"]
[EventDate "2006.??.??"]
[PlyCount "88"]

1.e4 c6 2.d4 d5 3.Nc3 dxe4 4.Nxe4 Nd7 5.Nf3 Ngf6 6.Bd3 Nxe4 7.Bxe4 Nf6 8.
Bd3 Bg4 9.c3 Qd5 10.O-O Bxf3 11.Qxf3 Qxf3 12.gxf3 e6 13.Bf4 Rd8 14.Rfe1 
Bd6 15.Be5 Bxe5 16.Rxe5 Rd5 17.Rae1 Nd7 18.Rxd5 cxd5 19.f4 g6 20.Kg2 Kd8 
21.c4 dxc4 22.Bxc4 Nb6 23.Bb3 Kd7 24.Rc1 Kd6 25.h4 Rc8 26.Rc3 Rxc3 27.bxc3
Nd5 28.c4 Nxf4+ 29.Kf3 Nh5 30.c5+ Ke7 31.a4 Nf6 32.Kf4 a5 33.f3 h6 34.Ke3 
Nd5+ 35.Ke4 Nb4 36.f4 Na6 37.Bc4 Nb4 38.Bb3 f6 39.d5 exd5+ 40.Bxd5 Nxd5 
41.Kxd5 Kd7 42.Kd4 Kc6 43.Kc4 g5 44.fxg5 fxg5 0-1

[Event "N4 Rodez Colomiers"]
[Site "?"]
[Date "2006.12.10"]
[Round "?"]
[White "Cuq, Christian"]
[Black "Alladaye, René"]
[Result "0-1"]
[WhiteElo "1740"]
[BlackElo "1840"]
[EventDate "2006.??.??"]
[PlyCount "72"]

1.e4 c5 2.Nf3 d6 3.d4 cxd4 4.Nxd4 Nf6 5.Nc3 g6 6.Be2 Bg7 7.O-O O-O 8.f4 
Nc6 9.Kh1 Nxe4 10.Nxc6 Nxc3 11.Qd3 bxc6 12.bxc3 Bf5 13.Qd2 Qd7 14.Bd3 Rab8
15.Qe1 Rb7 16.Bd2 Rfb8 17.Rd1 Qe6 18.Qh4 Bf6 19.Qg3 Bxd3 20.cxd3 Qxa2 21.
h3 Rb1 22.Qf3 Rxd1 23.Rxd1 Rb1 24.Rxb1 Qxb1+ 25.Kh2 Qc2 26.Be1 d5 27.c4 e6
28.Bb4 Qa2 29.Bd6 a5 30.cxd5 cxd5 31.Qd1 h5 32.Qc1 Qb2 33.Qc8+ Kh7 34.Qe8 
Qb7 35.Qa4 Qa7 36.Bb4 Qd4 0-1

[Event "N4 Foix-Tournefeuille2"]
[Site "?"]
[Date "2006.12.10"]
[Round "3.1"]
[White "Lanllier, Bruno"]
[Black "Tardif, Olivier"]
[Result "1/2-1/2"]
[WhiteElo "1880"]
[BlackElo "1985"]
[EventDate "2006.??.??"]
[PlyCount "85"]

1.d4 Nf6 2.c4 g6 3.Nc3 Bg7 4.e4 d6 5.Nge2 O-O 6.f3 e5 7.Bg5 c6 8.d5 Qc7 9.
Qd2 Nbd7 10.dxc6 bxc6 11.Ng3 Nb6 12.Rc1 Bb7 13.Be2 Rad8 14.O-O d5 15.cxd5 
Qd6 16.dxc6 Qxc6 17.Nd5 Qe6 18.Bxf6 Bxf6 19.Nxf6+ Qxf6 20.Qe3 Rd7 21.Rfd1 
Qd8 22.Rxd7 Qxd7 23.Qd3 Rc8 24.Rxc8+ Bxc8 25.Qxd7 Bxd7 26.Kf2 Na4 27.b4 
Be6 28.a3 Nc3 29.Bd3 Bd7 30.Ke3 Kf8 31.Nf1 Ke7 32.Kd2 Na4 33.Ne3 Nb6 34.
Nc4 f6 35.Nxb6 axb6 36.Kc3 Kd6 37.Bc4 b5 38.Bg8 h6 39.Bf7 g5 40.g4 Bc6 41.
Kb3 Kc7 42.Bd5 Be8 43.Kc3 1/2-1/2

[Event "N4"]
[Site "Ramonville"]
[Date "2006.12.23"]
[Round "3.7"]
[White "Jarlaud, Levi"]
[Black "Fabre, Philippe"]
[Result "1-0"]
[WhiteElo "1530"]
[BlackElo "1770"]
[EventDate "2006.12.10"]
[PlyCount "73"]

1.d4 Nf6 2.c4 g6 3.Nc3 Bg7 4.e4 d6 5.f3 O-O 6.Be3 e5 7.Nge2 c6 8.Qd2 Nbd7 
9.d5 cxd5 10.cxd5 a6 11.Nc1 Nh5 12.Nd3 f5 13.Be2 b5 14.O-O Ndf6 15.a4 Rb8 
16.axb5 axb5 17.Nb4 Bd7 18.Ra6 Ne8 19.Rfa1 f4 20.Bf2 g5 21.Nc6 Bxc6 22.
dxc6 Nc7 23.Bb6 Nf6 24.Nxb5 Nfe8 25.Bxc7 Nxc7 26.Nxc7 Qxc7 27.b4 Rfd8 28.
Qd5+ Kh8 29.b5 Rb6 30.Rxb6 Qxb6+ 31.Kf1 Qe3 32.Qd3 Qb6 33.Qb3 h5 34.Ra6 
Qc5 35.Qc4 Qxc4 36.Bxc4 Rc8 37.Be6 1-0

[Event "N4"]
[Site "Ramonville"]
[Date "2006.12.23"]
[Round "3.6"]
[White "Daourbekov, Said"]
[Black "Rizzo, Carlo"]
[Result "1-0"]
[WhiteElo "1730"]
[BlackElo "1600"]
[EventDate "2006.12.10"]
[PlyCount "43"]

1.e4 c5 2.Bc4 Nc6 3.Nf3 e6 4.Nc3 Nf6 5.d4 cxd4 6.Nxd4 Bb4 7.f3 O-O 8.Bg5 
h6 9.Bh4 g5 10.Bf2 d5 11.Nxc6 bxc6 12.Be2 Bxc3+ 13.bxc3 dxe4 14.Bd4 exf3 
15.Bxf3 Bd7 16.O-O Nd5 17.Bxd5 cxd5 18.Qh5 Qe7 19.Rf6 e5 20.Rxh6 Bf5 21.
Rh8+ Kg7 22.Qh6# 1-0

[Event "N4"]
[Site "Ramonville"]
[Date "2006.12.23"]
[Round "3.5"]
[White "Rouveret, Philippe"]
[Black "Roques, Michel"]
[Result "0-1"]
[WhiteElo "1840"]
[BlackElo "1820"]
[EventDate "2006.12.10"]
[PlyCount "48"]

1.d4 Nf6 2.Nc3 d5 3.Bg5 e6 4.Nf3 Be7 5.Bxf6 Bxf6 6.e4 dxe4 7.Nxe4 Be7 8.
Bd3 Nd7 9.Qd2 Nf6 10.Nxf6+ Bxf6 11.O-O-O Bd7 12.Qe3 Qe7 13.h4 O-O-O 14.Be4
Bb5 15.g4 g6 16.g5 Bg7 17.Bxb7+ Kxb7 18.Qb3 Qd7 19.a4 a6 20.axb5 axb5 21.
c4 Qc6 22.c5 Rd5 23.Kb1 Ra8 24.Qe3 Rxc5 {? Impossible de comprendre la 
suite} 0-1

[Event "N4"]
[Site "Ramonville"]
[Date "2006.12.23"]
[Round "3.4"]
[White "Sujoyan, Ararat"]
[Black "Tourenne, Dominique"]
[Result "0-1"]
[WhiteElo "1880"]
[BlackElo "1850"]
[EventDate "2006.12.10"]
[PlyCount "68"]

1.e4 e6 2.Nf3 d5 3.exd5 exd5 4.Be2 Nf6 5.h3 Be7 6.c3 c6 7.d4 Bf5 8.Bd3 
Bxd3 9.Qxd3 O-O 10.O-O Re8 11.Re1 Nbd7 12.b4 a5 13.b5 c5 14.Be3 c4 15.Qc2 
a4 16.Nbd2 a3 17.Ne5 Nxe5 18.dxe5 Nd7 19.Nf3 Bc5 20.Bd4 Bxd4 21.cxd4 Nf8 
22.Qc3 Qa5 23.Rac1 Qxc3 24.Rxc3 Re6 25.Kf1 Rb6 26.Rb1 Ne6 27.g3 Nc7 28.Ke1
Rxb5 29.Rcc1 Rxb1 30.Rxb1 b5 31.Kd2 Rb8 32.Ne1 Na6 33.Nc2 b4 34.Nxa3 bxa3 
0-1

[Event "N4"]
[Site "Ramonville"]
[Date "2006.12.23"]
[Round "3.3"]
[White "Iwanesko, Alexandre"]
[Black "Lefevre, Gerard"]
[Result "0-1"]
[WhiteElo "1866"]
[BlackElo "1920"]
[EventDate "2006.12.10"]
[PlyCount "70"]

1.Nf3 c5 2.e4 Nc6 3.d4 cxd4 4.Nxd4 d6 5.Nc3 Bd7 6.Be3 Nf6 7.f3 g6 8.Qd2 
Bg7 9.Bc4 Ne5 10.Bb3 Rc8 11.Bh6 O-O 12.h4 Qa5 13.O-O-O Nc4 14.Bxc4 Rxc4 
15.Bxg7 Kxg7 16.h5 gxh5 17.Nb3 Qe5 18.f4 Qe6 19.f5 Qe5 20.g4 Nxe4 21.Nxe4 
Qxe4 22.Rdf1 Rxc2+ 23.Qxc2 Rc8 24.Qxc8 Bxc8 25.Nd2 Qc6+ 26.Kb1 hxg4 27.Rh4
Qg2 28.Kc1 Qe2 29.Kc2 g3 30.Rhf4 h5 31.f6+ exf6 32.Rxf6 Be6 33.R6f3 h4 34.
Rh1 g2 35.Rg1 h3 0-1

[Event "N4"]
[Site "Ramonville"]
[Date "2006.12.23"]
[Round "3.2"]
[White "Schegerin, Andre"]
[Black "Galby, Vassili"]
[Result "0-1"]
[WhiteElo "1880"]
[BlackElo "1947"]
[EventDate "2006.12.10"]
[PlyCount "68"]

1.d3 c5 2.Nf3 Nc6 3.g3 Nf6 4.e4 e5 5.Bg2 d5 6.exd5 Nxd5 7.Nc3 Nc7 8.O-O 
Bd6 9.Bg5 f6 10.Bd2 Bg4 11.h3 Bh5 12.g4 Bf7 13.a4 O-O 14.Nh4 Nd4 15.Nf5 
Nce6 16.Ne4 Bc7 17.a5 Rb8 18.b4 b6 19.c3 Nxf5 20.gxf5 Nf4 21.Bxf4 exf4 22.
bxc5 bxc5 23.Nxc5 f3 24.Qxf3 Qd6 25.Rfc1 Qxc5 26.d4 Qd6 27.d5 Rb5 28.c4 
Rc5 29.Qg4 Bxa5 30.h4 h5 31.Qf3 Rfc8 32.Qd3 Bb6 33.Be4 Qf4 34.Kf1 Rxc4 0-1

[Event "N4"]
[Site "Ramonville"]
[Date "2006.12.23"]
[Round "3.1"]
[White "Guillory, Gabriel"]
[Black "Pierre, Thimothee"]
[Result "0-1"]
[WhiteElo "2000"]
[BlackElo "1937"]
[EventDate "2006.12.10"]
[PlyCount "56"]

1.d4 f5 2.c4 e6 3.Nf3 Nf6 4.g3 Be7 5.Bg2 O-O 6.O-O Qe8 7.Nc3 c6 8.d5 d6 9.
dxe6 Bxe6 10.b3 Na6 11.Nd4 Nc7 12.Qc2 Qh5 13.e4 fxe4 14.Nxe6 Nxe6 15.Nxe4 
Ng4 16.h3 Ne5 17.f4 Nf7 18.Bb2 Qa5 19.Rae1 Qb6+ 20.Kh2 Rae8 21.f5 Neg5 22.
f6 gxf6 23.Bxf6 Nxe4 24.Bxe7 Rxe7 25.Bxe4 Ne5 26.Bxh7+ Rxh7 27.Rxf8+ Kxf8 
28.Qxh7 Qf2+ 0-1

[Event "N4"]
[Site "Ramonville"]
[Date "2006.12.23"]
[Round "3.8"]
[White "Donadille, Romuald"]
[Black "Lezaud, Pascal"]
[Result "1-0"]
[WhiteElo "1720"]
[BlackElo "1560"]
[PlyCount "140"]

1.e4 c5 2.c3 Qa5 3.Nf3 Nc6 4.d4 cxd4 5.Nxd4 e5 6.Nf3 Nf6 7.Nbd2 Qc7 8.Bc4 
Be7 9.Nf1 O-O 10.Ng3 d6 11.Bg5 Nd8 12.Qb3 Be6 13.Bxe6 Nxe6 14.Rd1 Nxg5 15.
Nxg5 h6 16.Nf3 Rfd8 17.O-O Rac8 18.Rd3 Qc4 19.Qxc4 Rxc4 20.Nf5 Bf8 21.Nd2 
Ra4 22.f3 Rxa2 23.Nc4 Ra6 24.Rfd1 Rd7 25.Nfxd6 Bxd6 26.Rxd6 Rdxd6 27.Rxd6 
Ra1+ 28.Kf2 Ra2 29.Rd2 a5 30.Nxe5 a4 31.Nc4 b5 32.Na3 Nh5 33.Ke3 g5 34.
Nxb5 Nf4 35.Na3 Ra1 36.Kd4 Rh1 37.g3 Ne6+ 38.Kc4 Rf1 39.Nc2 Rxf3 40.Nd4 
Rf1 41.Nxe6 fxe6 42.Rc2 Re1 43.Kd4 Kf7 44.c4 Ke7 45.c5 Kd7 46.c6+ Kc7 47.
Ke5 Re3 48.Kxe6 Rxe4+ 49.Kd5 Re1 50.Kc5 Re5+ 51.Kb4 Re4+ 52.Kb5 h5 53.Kc5 
Re5+ 54.Kb4 Re4+ 55.Kb5 h4 56.Rc4 Re2 57.Kxa4 Rxb2 58.gxh4 Rxh2 59.hxg5 
Rg2 60.Rc5 Rg4+ 61.Kb5 Rg1 62.Kc4 Rg4+ 63.Kd3 Rg1 64.Ke4 Rg2 65.Kf5 Rf2+ 
66.Kg6 Rg2 67.Kg7 Rg1 68.g6 Rg2 69.Rf5 Kxc6 70.Kf7 Kd6 1-0

[Event "R1 - Castres / Blaye"]
[Site "castres"]
[Date "2006.12.26"]
[Round "2"]
[White "Olle, Jean Pierre"]
[Black "Carivenc, Thierry"]
[Result "1/2-1/2"]
[WhiteElo "1860"]
[BlackElo "1750"]
[EventDate "2006.??.??"]
[PlyCount "54"]
[WhiteTeam "blaye"]
[BlackTeam "castres"]

1.e4 d6 2.d4 Nf6 3.Nc3 g6 4.Nf3 Bg7 5.Be2 c5 6.O-O cxd4 7.Nxd4 O-O 8.Be3 
Nc6 9.h3 a6 10.Qd2 Bd7 11.Rad1 b5 12.a3 Rc8 13.f4 Nxd4 14.Bxd4 Rxc3 15.
Bxf6 Qb6+ 16.Kh1 Rxc2 17.Qxc2 Bxf6 18.Qd2 Bc6 19.Bf3 Rc8 20.Rc1 Bd4 21.
Rfe1 Bb7 22.Rxc8+ Bxc8 23.e5 dxe5 24.fxe5 Be6 25.Re4 Bf2 26.Re2 Bd4 27.Re4
Bf2 1/2-1/2